Every town in Sweden: Dalarna - Statistics

General Stats
  • This quiz has been taken 3 times
  • The average score is 24 of 36
Answer Stats
Municipality Letter Population City/Town % Correct
Älvdalen Ä 2,803 Älvdalen
100%
Avesta A 12,540 Avesta
100%
Borlänge B 53,391 Borlänge
100%
Falun F 56,028 Falun
100%
Gagnef G 1,206 Gagnef
100%
Hedemora H 8,409 Hedemora
100%
Leksand L 6,330 Leksand
100%
Ludvika L 16,049 Ludvika
100%
Malung-Sälen M 5,493 Malung
100%
Mora M 12,632 Mora
100%
Säter M 1,147 Mora
100%
Orsa O 5,606 Orsa
100%
Rättvik R 5,177 Rättvik
100%
Malung-Sälen S 2,510 Sälen
100%
Säter S 7,778 Säter
100%
Smedjebacken S 5,917 Smedjebacken
100%
Vansbro V 2,178 Vansbro
100%
Gagnef D 1,445 Djurås
67%
Ludvika G 3,826 Grängesberg
67%
Falun G 2,090 Grycksbo
67%
Falun B 2,106 Bjursås
33%
Avesta F 1,011 Fors
33%
Avesta H 1,306 Horndal
33%
Älvdalen I 1,058 Idre
33%
Leksand I 2,370 Insjön
33%
Vansbro J 1,590 Järna
33%
Hedemora L 1,815 Långshyttan
33%
Gagnef M 2,064 Mockfjärd
33%
Borlänge O 1,227 Ornäs
33%
Leksand S 1,411 Siljansnäs
33%
Smedjebacken S 1,092 Söderbärke
33%
Mora S 1,119 Sollerön
33%
Falun S 1,401 Svärdsjö
33%
Mora V 1,045 Vamhus
33%
Rättvik V 1,350 Vikarbyn
33%
Hedemora V 1,020 Vikmanshyttan
33%
No matching quizzes found
Score Distribution
Percent of People with Each Score
Percentile by Number Answered
Your Score History
You have not taken this quiz